| 000 | 00357nam a2200133Ia 4500 | ||
|---|---|---|---|
| 005 | 20260328104339.0 | ||
| 008 | 260328s9999||||xx |||||||||||||| ||und|| | ||
| 100 | _aRodríguez, Luis Raúl | ||
| 245 | 0 |
_aEl Desarrollo Urbano en Colombia / _cLuis Raúl Rodríguez |
|
| 260 | _bUniversidad de los Andes | ||
| 300 | _a67 p. | ||
| 650 | _aCOLOMBIA | ||
| 942 | _cBK | ||
| 999 |
_c12021 _d12021 |
||